Statistics for Cover Songs Quiz

Click here to take the quiz!

General Stats

  • This quiz has been taken 19,808 times
    (12,311 since last reset)
  • The average score is 8 of 20

Answer Stats

SongCoverOriginal% Correct
Smooth CriminalAlien Ant FarmMichael Jackson
90%
Walk This WayRun D.M.C.Aerosmith
73%
I Shot the SheriffEric ClaptonBob Marley
68%
With a Little Help from
My Friends
Joe CockerThe Beatles
66%
I Will SurviveCakeGloria Gaynor
60%
I Will Always Love YouWhitney HoustonDolly Parton
54%
All Along
the Watchtower
Jimi HendrixBob Dylan
51%
You Really Got MeVan HalenThe Kinks
46%
HurtJohnny CashNine Inch Nails
42%
Proud MaryIke and
Tina Turner
Creedence
Clearwater Revival
41%
The Man Who Sold
the World
NirvanaDavid Bowie
39%
She BangsWilliam HungRicky Martin
39%
American WomanLenny KravitzThe Guess Who
28%
Higher GroundRed Hot Chili
Peppers
Stevie Wonder
26%
RespectAretha FranklinOtis Redding
21%
Blue Suede ShoesElvis PresleyCarl Perkins
18%
A Hazy Shade of
Winter
The BanglesSimon & Garfunkel
18%
Red Red WineUB40Neil Diamond
15%
Black Magic WomanSantanaFleetwood Mac
11%
I Fought The LawThe ClashThe Crickets
10%

Score Distribution

Percentile by Number Answered

Percent of People with Each Score

Your Score History

You have not taken this quiz since the last reset